000 01004cad a22002295a 4500
001 E148992
008 091211s2009 xxkad f s 000 0 eng d
035 _a(Sirsi) u148992
041 0 _aeng
050 0 4 _a333.33 $2 18
110 2 _aCB Richard Ellis
_93675
245 0 0 _aGlobal office rents
_bNovember 2009
_h[electronic resource]
260 _a[S.l.]
_bCBRE
_c2009
490 0 _aCB Richard Ellis Global Office Rents
_vNovember 2009
520 _aSuggests that the West End of London is the most expensive location in terms of occupancy costs, followed by Tokyo and Hong Kong. Most markets have seen a decline in rents, with Kiev seeing the largest year-on-year fall of 64.6%. Also provides detailed regional snapshots.
590 _aKA NTK
650 2 4 _aCB RICHARD ELLIS GLOBAL OFFICE RENTS
651 4 _aInternational
690 _aPROPERTY-COMMERCIAL PROPERTY-COMMERCIAL PROPERTY MARKET
856 4 0 _uhttps://www.cbre.co.uk/
_zView the item free of charge at www.cbre.co.uk...
942 _n0
999 _c110318
_d110318